The Sound of Music Characters - Statistics

General Stats
  • This quiz has been taken 158 times
  • The average score is 11 of 15
Answer Stats
Hint Answer % Correct
Naval war hero and father to seven children Captain von Trapp
96%
Unruly nun and new governess to the von Trapp family Maria
96%
She is 16 going on 17 Liesl
87%
Wise religious leader who climbs every mountain Reverend Mother
84%
Boyfriend turned Nazi informant Rolf
83%
Housekeeper who says the von Trapp children don't play only march Frau Schmidt
81%
Glamorous Viennese love interest Baroness Schraeder
80%
Eldest von Trapp son who's "impossible" Friedrich
77%
Precocious uncle who runs the singing contest Max
77%
Nazi who is sent to escort the captain to Bremerhaven Herr Zeller
73%
Gets a finger caught in her brother's teeth Gretl
72%
Is told he's incorrigible Kurt
65%
Can make it up a drain pipe with a jar full of spiders in her hands Louisa
63%
Thinks Maria's dress is "the ugliest one she ever saw" Brigitta
56%
Wants a pink parasol for her birthday Marta
56%
No matching quizzes found
Score Distribution
Percent of People with Each Score
Percentile by Number Answered
Your Score History
You have not taken this quiz